00809 2200253 4500001002100000005001700021008004100038035002400079082001200103090001700115245014900132250001100281260008000292300002900372500002900401650002100430700002200451700001700473850001400490980001500504985000600519999001500525999001500540YOGYA-0209000002316420090227023739.0 ind  0010-020900000023164 a959.851 a959.851bPen aPENGARUH migrasi penduduk terhadap perkembangan kebudayaan daerah Propinsi Balictim peneliti I. Gst Ag Gd Oka...[et.al.] ; editor, Mc. Suprapti aCet. 1 aJakartabProyek Penelitian dan pencatatan Kebudayaan daerah Depdikbudc1978 aix, 103 hlmbilusc23 cm aBibliografi ; hlm. 86-87 aKkebudayaan Bali aOka, I Gst Ag. Gd aSuprapti, Mc aYPDDIY(B) a02-07-2007 a2 a06A0021563 a06A0021564